000 00282nam a22001337a 4500
008 181012b xxu||||| |||| 00| 0 eng d
020 _a574
041 _aeng
080 _a574
100 _a9
101 _aMJE
245 _aSoil Erosion and Its Control
_cAyres
942 _2udc
_cBK
999 _c49483
_d49483